Señor Casimiro de Orense y Rávago, del Colegio de Abogados de Madrid, tiene el honor de presentar a V.M. este epílogo del pleito que ha seguido en el Consejo de Castilla por la fundación de su ilustre deudo Pedro García de Orense... (Record no. 161052)
[ view plain ]
| 000 -LEADER | |
|---|---|
| campo de control de longitud fija | 00968nam a2200205 i 4500 |
| 001 - NÚMERO DE CONTROL | |
| campo de control | 161052 |
| 003 - IDENTIFICADOR DE NÚMERO DE CONTROL | |
| campo de control | ES-MaACL |
| 005 - FECHA Y HORA DE LA ÚLTIMA TRANSACCIÓN | |
| campo de control | 20250617063105.0 |
| 008 - DATOS DE LONGITUD FIJA--INFORMACIÓN GENERAL | |
| campo de control de longitud fija | 041008q18301847sp |||| | spa d |
| 100 1# - ENTRADA PRINCIPAL--NOMBRE DE PERSONA | |
| Nombre de persona | Orense, Casimiro de. |
| 9 (RLIN) | 130682 |
| Término indicativo de función/relación | Autor |
| 245 10 - MENCIÓN DEL TÍTULO | |
| Título | Señor Casimiro de Orense y Rávago, del Colegio de Abogados de Madrid, tiene el honor de presentar a V.M. este epílogo del pleito que ha seguido en el Consejo de Castilla por la fundación de su ilustre deudo Pedro García de Orense... |
| 260 ## - PUBLICACIÓN, DISTRIBUCIÓN, ETC. | |
| Lugar de publicación, distribución, etc. | [Madrid : |
| Nombre del editor, distribuidor, etc. | s.n., |
| Fecha de publicación, distribución, etc. | entre 1830 y 1847] |
| 300 ## - DESCRIPCIÓN FÍSICA | |
| Extensión | [2] h. ; |
| Dimensiones | 28 cm. |
| 596 ## - NOTA AL PIE DE IMPRENTA | |
| NOTA AL PIE DE IMPRENTA | Probablemente imp. entre 1830, fecha que consta en el texto, y 1847, fecha de anotación ms. en el margen |
| 650 #4 - PUNTO DE ACCESO ADICIONAL DE MATERIA--TÉRMINO DE MATERIA | |
| Término de materia o nombre geográfico como elemento de entrada | Herencias- |
| Subdivisión general | Pleitos. |
| 9 (RLIN) | 136217 |
| 852 4# - LOCALIZACIÓN | |
| Ubicación | ES-MaACL |
| Número de control de estantería | T-52-F-2 |
| Ubicación en estantería | Depósito folletos |
| Partes que faltan | Cub. original |
| Anotaciones manuscritas | An. ms. en el margen del licenciado Orense |
| Encuadernación | Holandesa |
| 942 ## - ELEMENTOS DE ENTRADA SECUNDARIOS (KOHA) | |
| Fuente del sistema de clasificación o colocación | Clasificación decimal universal |
| Tipo de ítem Koha | Folleto |
| Suprimir en OPAC | No |
| Estatus retirado | Estado de pérdida | Estado de daño | No para préstamo | Colección | Biblioteca de origen | Biblioteca actual | Ubicación en estantería | Fecha de adquisición | Total de préstamos | Signatura topográfica completa | Código de barras | Visto por última vez | Precio de reemplazo | Tipo de ítem Koha |
|---|---|---|---|---|---|---|---|---|---|---|---|---|---|---|
| Colección de folletos | Biblioteca del Ateneo de Madrid | Biblioteca del Ateneo de Madrid | Depósito folletos | 17/01/2008 | T-52-F-2 | 1168688 | 23/02/2023 | 23/02/2023 | Folleto |
